[Event "Linares 08th"]
[Site "Linares"]
[Date "1990.??.??"]
[Round "1"]
[White "Gelfand, Boris"]
[Black "Kasparov, Garry"]
[Result "1/2-1/2"]
[WhiteElo "2615"]
[BlackElo "2800"]
[Annotator "Gelfand,B"]
[PlyCount "89"]
[EventDate "1990.02.??"]
[EventType "tourn"]
[EventRounds "11"]
[EventCountry "ESP"]
[EventCategory "16"]
[SourceTitle "CBM 017"]
[Source "ChessBase"]
[SourceDate "1990.08.01"]
[SourceVersion "1"]
[SourceVersionDate "1990.08.01"]
[SourceQuality "1"]

1. d4 Nf6 2. c4 g6 3. Nc3 Bg7 4. e4 d6 5. Be2 O-O 6. Nf3 e5 7. O-O Nc6 8. d5
Ne7 9. Ne1 Nd7 10. Nd3 f5 11. Bd2 Kh8 {Notationsfehler: in der Partie geschah
11...Nf6 12.Rc1 Kh8} 12. Rc1 Nf6 13. f3 c5 14. g4 a6 15. Nf2 h6 16. h4 fxg4 17.
fxg4 Neg8 18. Kg2 Nh7 19. Rh1 Bf6 20. g5 hxg5 21. h5 Qe8 22. b4 (22. Qa4 b5 $1
(22... Bd7 $6 23. hxg6 Nh6 24. Rxh6 Bxa4 25. Rxh7+ Kg8 26. Bg4 Qxg6 27. Rxb7
Be8 28. Bf5 $1 $18) 23. cxb5 Bd7 $13) 22... cxb4 23. Na4 Bd8 24. Bxb4 Bd7 25.
hxg6 Qxg6 26. c5 g4 {26...Bxa4, 26...Rc8, 26...Rf2} 27. c6 g3 28. Nd3 bxc6 29.
dxc6 Rc8 {=/=/+} 30. Bf3 {30.Bd6 !?} Rxf3 $1 31. Qxf3 Bg4 32. Qxg3 Qxe4+ 33.
Kg1 $13 Ngf6 {33...Bg5 (!) 33...Bf3} 34. Bxd6 $1 Qd4+ 35. Nf2 Qxd6 36. Nxg4
Qd4+ 37. Nf2 Qxa4 38. Qxe5 $10 Rc7 39. Rh2 Rg7+ 40. Rg2 Bc7 41. Qf5 Qxa2 42.
Qc8+ Qg8 43. Qxg8+ Kxg8 44. Rxg7+ Kxg7 45. Nd3 1/2-1/2

[Event "Chalkidiki Nikiti"]
[Site "Chalkidiki"]
[Date "1993.??.??"]
[Round "1"]
[White "Shirov, Alexei"]
[Black "Gelfand, Boris"]
[Result "1-0"]
[WhiteElo "2685"]
[BlackElo "2670"]
[Annotator "Shirov,A"]
[PlyCount "61"]
[EventDate "1993.09.??"]
[EventType "match"]
[EventRounds "2"]
[EventCountry "GRE"]
[SourceTitle "CBM 038"]
[Source "ChessBase"]
[SourceDate "1994.02.01"]
[SourceVersion "1"]
[SourceVersionDate "1994.02.01"]
[SourceQuality "1"]

1. d4 Nf6 2. c4 g6 3. Nc3 Bg7 4. e4 d6 5. Be2 O-O 6. Nf3 e5 7. O-O Nc6 8. d5
Ne7 9. Ne1 Nd7 10. Be3 f5 11. f3 h6 12. Nd3 b6 (12... g5 13. c5 Nf6 14. Rc1 $1
Ng6 $140 15. cxd6 cxd6 16. Nb5 $1 $16 {xRa8}) 13. b4 g5 14. c5 Nf6 15. Rc1 $1
$146 (15. cxd6) 15... Ng6 (15... Bd7 16. Nf2 f4 17. Bd2 $16) (15... g4 16. fxg4
$1 $16) (15... Rf7 $5) 16. exf5 $1 (16. Nf2 Nf4 $13) (16. cxd6 cxd6 17. exf5
Ne7 $1 18. g4 Nexd5 $132) 16... Bxf5 (16... Ne7 $6 17. g4 Nexd5 18. Nxd5 Nxd5
19. Qb3 c6 (19... dxc5 $2 20. Rfd1 $1 c6 21. bxc5 $18 {/\Nb4}) 20. cxd6 $16)
17. cxd6 cxd6 (17... Qxd6 18. Nb5 Qd7 19. Nxc7 Rac8 20. Qb3 $1 $16) 18. Nf2 Nf4
19. Bxf4 exf4 20. Bd3 Ne8 $6 (20... Qd7 $142 21. Bxf5 Qxf5 22. Nfe4 $16 {xc6})
21. Bxf5 Rxf5 22. Qd3 Qd7 (22... Rf7 23. Nce4 $16) 23. Nce4 Nc7 24. Rc6 $1 (24.
Rfd1 Rd8 $1 $16) 24... Nxd5 25. Rxd6 Qf7 26. Ng4 $1 Ne3 (26... Nxb4 27. Qd2 h5
28. Nh6+ Bxh6 29. Rxh6 $18 a5 $140 30. Qd4 Qg7 31. Qxb6 $18) 27. Nxh6+ Bxh6 28.
Rxh6 Nxf1 (28... Qxa2 29. Nf6+ $1 Kf8 (29... Rxf6 30. Qh7+ $18) 30. Qd6+ Kg7
31. Qd7+ $18) 29. Nd6 Rd5 $2 (29... Qd5 30. Qxf5 Qxf5 31. Nxf5 Nd2 32. Rg6+ $18
) 30. Rh8+ $1 Kg7 31. Qh7+ 1-0

[Event "Olympiad-32"]
[Site "Yerevan"]
[Date "1996.09.19"]
[Round "4.1"]
[White "Jussupow, Artur"]
[Black "Kasparov, Garry"]
[Result "1/2-1/2"]
[WhiteElo "2665"]
[BlackElo "2785"]
[Annotator "Jussupow,A"]
[PlyCount "62"]
[EventDate "1996.09.15"]
[EventType "team-swiss"]
[EventRounds "14"]
[EventCountry "ARM"]
[SourceTitle "CBM 055"]
[Source "ChessBase"]
[SourceDate "1996.12.01"]
[SourceVersion "1"]
[SourceVersionDate "1996.12.01"]
[SourceQuality "1"]
[WhiteTeam "Germany"]
[BlackTeam "Russia"]
[WhiteTeamCountry "GER"]
[BlackTeamCountry "RUS"]

1. d4 Nf6 2. c4 g6 3. Nc3 Bg7 4. e4 d6 5. Nf3 O-O 6. Be2 e5 7. O-O Nc6 8. d5
Ne7 9. Ne1 Nd7 10. Be3 f5 11. f3 f4 12. Bf2 g5 13. a4 a5 $5 14. Nd3 (14. b4
axb4 15. Nb5 h5 (15... Nc5 $5) 16. Nd3 b6 $13) 14... b6 (14... Ng6 $6 15. c5
$36 {Franco-Reyes, Toledo 1991}) 15. b4 (15. Be1 Nf6 (15... c5 $5 {Kozul,Z} 16.
dxc6 $8 Nb8 $5 (16... Nxc6 {Kozul,Z} 17. b4 $1 axb4 18. Nb5 Nc5 19. Nxb4 $16)
17. c7 $1 Qxc7 18. Qb3 $14 {1-0 Kozul,Z-Popovic,P/Jugoslavija 52/657 1991 (54)}
) (15... h5 16. Nf2 Nc5 $5 17. Nb5 Rf6 18. b4 axb4 19. Bxb4 Nb7 20. Nd3 Rg6 21.
Be1 Kh7 $5 $13 {Tunik,G} (21... g4 $2 22. Bh4 $16) (21... Kh8 $2 22. a5 bxa5
23. c5 dxc5 24. Bc3 $1 $16 {Tunik,G-Lipka,J/Pardubice 55/(651) 1992})) 16. Nf2
h5 17. h3 Kh8 $13) 15... axb4 16. Nxb4 (16. Nb5 h5 (16... Nc5 17. Nxb4 g4 $132)
(16... Nf6 17. Be1 g4 $13) 17. Be1 {Ikonnikov-Istratescu, Berlin 1993 - 60/
(590)} (17. a5 {Tosic-Golubev, Alushta 1994 -60/590})) 16... Nf6 17. Ra3 $5 (
17. Nc6 Qd7 $5 (17... Nxc6 18. dxc6 Qe8 19. Nd5 Rf7 $13 (19... Nxd5 20. cxd5
Qg6 21. a5 (21. Be1 $5 {Golubev}) 21... bxa5 22. Ra4 h5 23. Be1 g4 $14 {
Kiriakov-Anapolsky, Alma Ata 1991}))) (17. Nb5 g4 $1) 17... Bd7 18. Nb5 {[#]}
Kh8 $5 (18... g4 $5 19. fxg4 (19. Bh4 g3 $1 20. hxg3 Ng6 $40) 19... Nxe4 20.
Bd3 $13) 19. Be1 Rg8 $132 (19... g4 20. fxg4 Nxe4 21. Rh3 $36) 20. g4 $1 fxg3
21. hxg3 g4 (21... h5 22. Kg2 {/\Rh1}) 22. Kg2 gxf3+ 23. Bxf3 Bh6 $5 24. Rh1
Bg5 25. Nd3 $1 Ng6 26. Nf2 Qc8 (26... Nh4+ $2 27. gxh4 Bc1+ 28. Kf1 Bxa3 29.
Nxa3 $18) (26... Bxb5 $6 27. cxb5 Nh4+ 28. Kf1 Nxf3 29. Rxf3 $14) 27. Kf1 (27.
Bd2 $2 Nh4+ $17) 27... Rf8 28. Kg2 (28. Bd2 $5 Bxd2 29. Qxd2 $140 Rf7 $10 (
29... Ng4 $2 30. Nxg4 Bxg4 31. Qh6 Rf7 32. Qxg6)) 28... Rg8 29. Kf1 Rg7 30. Ke2
Rf7 31. Bd2 Bxd2 (31... Bxd2 32. Qxd2 Qb7 $1 {/\Raf8} 33. Bg2 $1 Raf8 34. Rf3
$10) 1/2-1/2

[Event "Linares 14th"]
[Site "Linares"]
[Date "1997.02.07"]
[Round "4"]
[White "Piket, Jeroen"]
[Black "Kasparov, Garry"]
[Result "1/2-1/2"]
[WhiteElo "2640"]
[BlackElo "2795"]
[Annotator "Psakhis,L"]
[PlyCount "102"]
[EventDate "1997.02.04"]
[EventType "tourn"]
[EventRounds "11"]
[EventCountry "ESP"]
[EventCategory "18"]
[SourceTitle "CBM 057"]
[Source "ChessBase"]
[SourceDate "1997.04.01"]
[SourceVersion "1"]
[SourceVersionDate "1997.04.01"]
[SourceQuality "1"]

1. d4 {Petursson Schulz,A} Nf6 2. c4 g6 3. Nc3 Bg7 4. e4 d6 5. Nf3 O-O 6. Be2
e5 7. O-O Nc6 8. d5 Ne7 9. Ne1 Nd7 10. Be3 f5 11. f3 f4 12. Bf2 g5 13. Rc1 (13.
a4 {Schulz,A: deutschsprachige Kommentare is the main move. ist der Hauptzug.})
13... Ng6 14. c5 {This is an idea of Kozul. dieses Opfer ist eine Idee von
Kozul.} (14. b4 {Schulz,A} Nf6 15. c5 Rf7 16. cxd6 cxd6 {siehe 13.b4}) 14...
Nxc5 (14... dxc5 15. b4 $1 (15. d6 {Schulz,A} c6 (15... cxd6 16. Nb5 $36) 16.
Na4 b6 17. b4 $36) 15... b6 16. Nd3 $16) 15. b4 Na6 {For the sacrifice of one
pawn White has opened attacking lines, and - more important - the N on a6 is
on a square far away from the white kingside. Schulz: Für den Preis eines
Bauern hat Weiß am Damenflügel Angriffslinien geöffnet, noch ungünstiger für
Schwarz ist aber die Tatsache, daß der Springer, der normalerweise von d7 nach
f6 zum Angriff geführt wird, nun auf a6 ein ausgesprochen bescheidenes Dasein
fristet. Weiß hat also eine wichtige Angriffsfigur ins Abseits gestellt.} (
15... Nd7 $2 {Schulz,A} 16. Nb5 {[%csl Ra7,Rc7]}) 16. Nd3 $146 {Psakhis: notes
in english. New interesting move.Piket protects b4 pawn and hope to organise
strong preasure on c line. Before was played} (16. Nb5 Bd7 {and now White has
choice between} {and} 17. Nxa7 $5 (17. Qa4 g4 $1 18. fxg4 f3 19. gxf3 Nf4 20.
Qd1 $8 h5 $1 21. Kh1 hxg4 22. Nc3 $1 {1/2-1/2 Kozul,Z-Fedorowicz,J/Wijk aan
Zee 1991 (40)} (22. fxg4 Nxe2 23. Qxe2 Qg5 24. Rc3 $8 Bxg4 $17)) (17. Qa4 {
Schulz,A 1-0 Kozul,Z-Cvitan,O/JUG-Cup Pula 1990 (38)}) 17... Rf7 (17... Nxb4
18. Qb3) 18. Qc2 Qf6 19. Bxa6 bxa6 20. Qxc7 Be8 21. Qa5 Rfxa7 22. Bxa7 Rxa7 23.
Rc8 Kf7 24. Qb6 Qe7 $13 {0-1 Gurevich,D-Leitao,R/Groningen op 1996 (45)}) 16...
h5 17. Nb5 Bd7 18. a4 Bh6 (18... Qb8 $142 $5 {[%cal Yc7c6]} 19. Qb3 $140 Kh7
20. Rfd1 c6 21. dxc6 bxc6 22. Nxd6 Qxd6 23. Nb2 Qxb4 24. Qxb4 Nxb4 25. Rxd7 $44
) (18... Bxb5 $2 {Schulz,A would be nonsense, of course. wäre natürlich Unfug.}
19. axb5 Nb8 20. Rc3 Nd7 21. Qc2 Rc8 22. Ra1 $18) 19. Rc3 $1 {From c3 this R
is looking to the vulnerable squares in front of the white king. Ermöglicht
nicht nur eine Schwerfigurenverdoppelung auf der c-Line, sondern ist bereits
Prophylaxe gegen gegen die spätere schwarze Durchbruchsmöglichkeit g5-g4 und
f4-f3.} (19. Nxa7 $2 {Schulz,A} g4 $40 {and Black has an attack. gibt Schwarz
Angriff.}) 19... b6 {[%csl Ra6]} 20. Be1 $1 {Great! Knight on f2 will protect
king side.Piket won theoretical duel.} Rf7 21. Nf2 Nh4 (21... Nxb4 22. Nxc7 (
22. Rxc7 Bxb5 23. Rxf7 Bxe2 24. Qxe2 Nxd5 25. Qc4 Kxf7 26. Qxd5+ Kf6 $17) 22...
Rb8 (22... Na2 23. Rc2 $1 Bxa4 24. Nxa8 Qxa8 25. Qb1 Bxc2 26. Qxc2 $18) (22...
Rc8 $2 23. Ne6 Qe7 24. Rxc8+ Bxc8 25. Bxb4 $18) 23. Qb3 (23. Ne6 {Schulz,A}
Bxe6 24. dxe6 Re7 25. Bb5 a5 {[%csl Rb4][%cal Yd1b3,Yb3g8]} 26. Bd7 {[%cal
Rd1d6] Black didn't like this. gefiel Schwarz nicht.}) 23... a5 24. Bb5 $16)
22. Nxd6 cxd6 23. Bxa6 {White has suceeded on the queenside, but within a few
moves Black manages it to create a dangerous attack on the kingside. Das
materielle Gleichgewicht ist wiederhergestellt und die weißen Felder (b7,c8,c6)
im schwarzen Lager sind schwach. Weiß hat also am Damenflügel einigen Erfolg
erzielt, aber obwohl Schwarz am Königsflügel noch nicht weit fortgeschritten
ist, schafft er es nun in wenigen Zügen, gefährliche Drohungen aufzustellen.}
Qe8 {against the a4 and with the option Qg6. gegen Bb7-c6 gerichtet und mit
der Option Qe8-g6.} 24. Qe2 $16 {Piket achieved a lot on the queen side, now
he threat to exchange lightcolour bishops. Kasparov has no time to wait.
defends a4 and goes for the change of the lightsquared bishops. Pariert den
Angriff gegen a4 und möchte mit Bb5 den weißfeldrigen B tauschen.} (24. Bb7 $2
{Schulz,A} Bxa4) 24... g4 (24... Bxa4 $2 {Schulz,A} 25. b5 $18) 25. fxg4 (25.
Nxg4 $2 {Schulz,A} Nxf3+ 26. Qxf3 hxg4 $40) (25. Nd1 {Schulz,A}) 25... Rg7 (
25... f3 26. gxf3 hxg4 27. Nxg4 $18) 26. h3 Qg6 (26... hxg4 27. Nxg4 Bxg4 28.
hxg4 Ng6 29. Rh3 $16) 27. Bb5 $1 {Just in time!} (27. Nd1 $2 {Schulz,A} Nxg2 $1
28. Qxg2 (28. Kxg2 hxg4 29. Kh2 f3 $19) 28... hxg4 29. hxg4 Qxg4 30. Qxg4 Bxg4
$17) 27... Bxb5 (27... Bc8 28. Qc2 Bb7 29. Bc6 $18) 28. axb5 {White's position
is winning if he can stand the black attack: the c-file is in the hand of
White and the a7 is weak. Wenn Weiß den schwarzen Angiff aushalten kann, steht
er auf Gewinn: Die c-Linie ist in weißer Hand und der a-Bauer ist schwach.} Rf8
({Interesting was} 28... Qg5 $5 29. Qc2 Kh7 {and way to victory fo White still
not so easy.}) 29. Nd1 $1 (29. Kh1 {Petursson}) 29... hxg4 $5 {Brave, nut
obliged decision. Black's position is desperate after} (29... Qg5 30. Bxh4 (30.
g3 f3 (30... fxg3 31. Rxf8+ Kxf8 32. Bxg3 hxg4 33. Rc8+ Kf7 34. Rc7+ Kg8 35.
Rxg7+ Kxg7 36. hxg4 $16 (36. Bxh4 Qxh4 37. Qxg4+ Qxg4+ 38. hxg4 Bd2 39. Kg2))
31. Qf2 hxg4 (31... Ng2 32. Rxf3 Rxf3 33. Qxf3 Nxe1 34. Qf8+ Kh7 35. Rxe1 hxg4
36. h4 $16)) 30... Qxh4 31. gxh5 Rg5 32. Nf2 $18) 30. Bxh4 f3 (30... Qh5 31. g3
$18) 31. Qc2 gxh3 {Black gives one piece in order to breakthrough with the
pawns. With accurate play White could show that Black has not enough
counterplay for the piece. Kasparov hat eine Figur geopfert, um mit den Bauern
am Königsflügel durchzubrechen. Bei genauem weißem Spiel sollte das Opfer
nicht ausreichen.} 32. g3 $4 {Terrible mistake was made by Piket in serious
time troubles of Kasparov. If Piket will play} (32. Rfxf3 Qxg2+ (32... Rxf3 {
Schulz,A} 33. Rxf3 Qg4 (33... Qh5 34. Qc8+ Kh7 35. Qxh3 $18) (33... hxg2 34.
Qc8+ Kh7 35. Rf8 $18) 34. Bg3 (34. Qf2 Bf4 (34... Qxe4 35. Rxh3 Qxd5 36. Nc3
$18) (34... Rf7 35. Rg3 $18) 35. Ne3 (35. Z0 hxg2 $140 36. Z0 Bh2+ 37. Kxh2
g1=Q+ $19) 35... Bxe3 36. Rxe3 Qd1+ 37. Re1 $18) 34... Bf4 35. Bxf4 (35. Ne3
$18) 35... Qxf3 36. Qc8+ Kh7 (36... Kf7 37. Qd7+ Kg8 38. Qxg7+ $18) 37. Qf5+
Kg8 38. Qe6+ Kh7 39. Qh6+ Kg8 40. Qxg7+ $18) (32... Qg4 $2 33. Rxh3 $18) 33.
Qxg2 Rxg2+ 34. Kh1 Rxf3 35. Rxf3 Re2 (35... Rg4 36. Rg3 $18) 36. Nf2 $18 {
maybe Vladimir Kramnik will be winner of Linares 1997.}) ({Petursson: The
simple} 32. Rfxf3 $142 {Petursson Petursson: (or 32. Rcxf3) was correct and
Black would be very hard pressed to prove his compensation for the piece.})
32... Rf4 $1 {[%cal Rf4e4,Rf4h4] Completly changed situation on the board!
Petursson: Black is back with very dangerous attacking chances.} 33. Ne3 (33.
Rcxf3 $5 Rxh4 34. Kh1 (34. Kh2 Rxe4 35. Qc8+ Kh7 36. Qxh3 Qg4 37. Qxg4 Rexg4
$19) 34... Rf4 $5 (34... Rg4 35. Rf6 Qh5 36. R1f5 $13) (34... Rxe4 $2 35. Rf6
$18) (34... Rg4 $5) 35. gxf4 (35. Ne3 $13) 35... Qg2+ 36. Qxg2 hxg2+ 37. Kg1
gxf1=Q+ 38. Kxf1 exf4 $11 (38... Bxf4 {Schulz,A} 39. Rc3 $11)) (33. Kh2 $2 {
Schulz,A} Rxh4 34. gxh4 Qg3+ 35. Kh1 Qg2+ 36. Qxg2 fxg2+ 37. Kg1 h2+ $19) 33...
Rxe4 (33... Rxh4 $6 34. Nf5 Rg4 35. Rcxf3 Bf4 $6 36. Kh1 $1 Bxg3 $140 37. Nxg7
Bf4 38. Nf5 $18) 34. Nf5 $2 {Piket already himseld had problems with time
Suddenly White is desperate} (34. Rc8+ $2 Kh7 35. Bf6 Qxg3+ 36. Kh1 Qg2+ $1 37.
Nxg2 fxg2+ 38. Kg1 Be3+ 39. Kh2 gxf1=N+ $1 40. Kxh3 Rg3# {Matt!}) (34. Kh2 Bxe3
) ({otherwise he'll find} 34. Kf2 $1 Rc7 $1 (34... h2 35. Rh1 Bxe3+ (35... Bf4
36. Rc8+ Kh7 37. Ng4 $1 Rf7 38. Rxh2 $18)) 35. Re1 (35. Rxc7 Bxe3+ 36. Ke1 Bh6+
37. Kd1 Rd4+ 38. Ke1 Re4+ $11) 35... Rxc3 (35... Bxe3+ 36. Rexe3 Rxc3 37. Qxc3
(37. Qxe4 $2 Qxe4 38. Rxe4 Rc1 $1 $19) 37... h2 $11) 36. Qxc3 Bxe3+ 37. Rxe3 h2
(37... Rxh4 $2 38. Qc8+ Kh7 39. Rc3 Rxb4 40. Rc7+ Kh6 41. Qh8+ Kg5 42. Rg7 Rb2+
43. Kxf3 Rb3+ 44. Ke2 Rb2+ 45. Ke3 Rb3+ 46. Kd2 $18) 38. Qc8+ (38. Bf6 $2 h1=N+
$1) 38... Kg7 39. Qd7+ (39. Qh3 $2 Rxh4 40. Qxh4 Qc2+ 41. Kxf3 Qd1+ 42. Kf2
Qg1+ 43. Ke2 Qg2+ 44. Kd3 Qxd5+ 45. Ke2 (45. Kc3 Qd4+ $19) 45... h1=Q 46. Qg5+
Kf7 47. Qf5+ Ke7 48. Qg5+ Ke8 49. Qg6+ Qf7 $19) 39... Kg8 $11) 34... Qxf5 35.
Rcxf3 (35. Rfxf3 Qg4 36. Rc8+ Kh7 37. Rff8 Qe2 $17) 35... Qg4 36. Kh1 Rf4 $1
37. R3f2 (37. gxf4 Qg2+ 38. Qxg2 hxg2+ 39. Kg1 gxf1=Q+ 40. Kxf1 Bxf4 $17) 37...
Rxf2 38. Rxf2 (38. Qxf2 Qe4+ 39. Kh2 Qxd5 40. Qf8+ Kh7 41. Qf5+ Rg6 $19) 38...
e4 (38... Bf4 $5 39. Rf1 $140 (39. Qc3 {Schulz,A} Bxg3 40. Bxg3 Qxg3 41. Qc8+
Kh7 42. Qf5+ Qg6 43. Qxh3+ Qh6 44. Qxh6+ Kxh6 45. Rf6+ Rg6 46. Rf7 Rg4 $19)
39... Bxg3 40. Bxg3 Qxg3 41. Qc8+ Kh7 42. Qf5+ Kh6 43. Qf6+ Qg6 44. Qh4+ Qh5
45. Rf6+ Rg6 $19) ({Petursson: This seems to be even stronger than} 38... Bf4 {
Petursson}) 39. Rf6 e3 $1 (39... Bg5 {Schulz,A} 40. Bxg5 Rxg5 41. Rf4 (41. Qc1
$5 Rg7) 41... Qxg3 42. Qc8+ Kh7 43. Rf7+ Rg7 44. Qf5+ Qg6 45. Qxh3+ Qh6 46.
Qxh6+ Kxh6 47. Rf6+ Kg5 48. Rxd6 Kf4 $19) 40. Re6 (40. Rxh6 e2 $19) (40. Rxd6
e2 $1 41. Rd8+ Kf7 42. Qc7+ (42. Rd7+ Qxd7) 42... Kg6 43. Rd6+ Kh5 $19) 40...
Qf3+ $2 {Now it is Kasparov's time to missed nice way to victory.After
brilliant Petursson: A serious mistake on the last move before the time control
} ({Petursson: KASPAROV DIDN'T FIND THIS:} 40... Rc7 $1 {he could get reward
for difficult defence. For example} 41. Rg6+ (41. Qg6+ Qxg6 42. Rxg6+ Bg7 (
42... Kh7 43. Re6 Rc2 $19) 43. Kh2 e2 44. g4 Rc3 $19) (41. Qe4 Qd1+ 42. Kh2
Rc2+ 43. Kxh3 Qf1+ 44. Kg4 Rc4 $19) (41. Re8+ Bf8 42. Qe4 Qd1+ 43. Kh2 Rc2+ 44.
Kxh3 Qf1+ 45. Kg4 Rc4 $19) (41. Qxc7 $2 Qf3+ 42. Kh2 Qg2#) 41... Bg7 (41... Kf8
42. Rf6+ (42. Rxg4 Rxc2 43. Re4 e2 44. g4 Bg7 45. Re3 Bc3 $19) 42... Rf7 (42...
Ke8 43. Qg6+ Qxg6 44. Rxg6) 43. Rxh6 (43. Rxf7+ Kxf7 44. Qc7+ Kg8 45. Qd8+ Bf8
46. Qg5+ Qxg5 47. Bxg5 e2 48. Bd2) 43... Rf1+ 44. Kh2 Rf2+ 45. Qxf2+ exf2 46.
Rf6+ Kg7 47. Rxf2 Qxb4 $19) 42. Rxg4 Rxc2 43. Bf6 (43. Re4 e2 44. g4 Bc3 $19)
43... Kf7 $1 44. Bxg7 e2 {Petursson} 45. Re4 Kxg7 {Petursson: YOU WILL PROMOTE
THE E PAWN TO A QUEEN AND WIN! 0-1}) 41. Kg1 (41. Kh2 $4 Qf2+ 42. Qxf2 exf2 43.
Rf6 Rf7 $19) 41... Rf7 (41... Rxg3+ 42. Bxg3 Qxg3+ 43. Kf1 Qf3+ 44. Kg1 $11)
42. Qg6+ Bg7 43. Re8+ Rf8 44. Rxf8+ Kxf8 (44... Qxf8 45. Qe6+ (45. Kh2 $2 Qf3
46. Qe6+ Kh7 47. Qxh3 e2 $19) 45... Qf7 46. Qxe3 Qxd5 47. Qe2 Kf7 48. Kh2 $11)
45. Be7+ $1 Kg8 (45... Kxe7 46. Qe6+ Kf8 47. Qc8+ Ke7 48. Qe6+ Kd8 49. Qxd6+
Kc8 50. Qc6+ $11) 46. Qe6+ Qf7 47. Qc8+ Bf8 (47... Bf8 48. Qg4+ Qg7 49. Qe6+
Qf7 50. Qg4+ $11) 48. Qg4+ Bg7 49. Qc8+ Kh7 50. Qxh3+ Bh6 51. Bg5 $1 Qf2+
1/2-1/2